Entry Personal Name
Number of records used in: 2
001 - CONTROL NUMBER
003 - CONTROL NUMBER IDENTIFIER
005 - DATE AND TIME OF LATEST TRANSACTION
- control field:
20200125122937.0
008 - FIXED-LENGTH DATA ELEMENTS
- fixed length control field:
870408n| azannaabn |a aaa
010 ## - LIBRARY OF CONGRESS CONTROL NUMBER
- LC control number:
n 86036221
035 ## - SYSTEM CONTROL NUMBER
- System control number:
(OCoLC)oca01828266
040 ## - CATALOGING SOURCE
- Original cataloging agency:
DLC
- Language of cataloging:
eng
- Description conventions:
rda
- Transcribing agency:
DLC
- Modifying agency:
DLC
- Modifying agency:
UkOxU
- Modifying agency:
MX-SlUA
- Modifying agency:
PSt
- Modifying agency:
OU
- Modifying agency:
DLC
100 1# - HEADING--PERSONAL NAME
- Personal name:
Laudon, Jane P.
- Fuller form of name:
(Jane Price)
372 ## - FIELD OF ACTIVITY
- Field of activity:
Information systems
373 ## - ASSOCIATED GROUP
- Associated group:
Azimuth Information Systems
374 ## - OCCUPATION
- Occupation:
Management consultant
375 ## - GENDER
377 ## - ASSOCIATED LANGUAGE
400 1# - SEE FROM TRACING--PERSONAL NAME
- Control subfield:
nnea
- Personal name:
Laudon, Jane Price
- Titles and other words associated with a name:
(Ph. D.)
670 ## - SOURCE DATA FOUND
- Source citation:
Laudon, K.C. Management information systems, c1988:
- Information found:
CIP t.p. (Jane Price Laudon)
670 ## - SOURCE DATA FOUND
- Source citation:
Information systems, c1995:
- Information found:
t.p. (Jane Price Laudon, Azimuth Corporation) text (management consultant in the information systems area and a professional writer; B.A. from Barnard Coll.; M.A. from Harvard Univ., and her Ph D. from Columbia Univ.)
670 ## - SOURCE DATA FOUND
- Source citation:
Management dei sistemi informativi, c2004:
- Information found:
t.p. (Jane P. Laudon) cover (Jane Laudon)
670 ## - SOURCE DATA FOUND
- Source citation:
Sistemas de información gerencial: administración de la empresa digital, 2004:
- Information found:
t.p. (Jane P. Laudon)
670 ## - SOURCE DATA FOUND
- Source citation:
Management information systems, c2014
- Information found:
title page (Jane P. Laudon, Azimuth Information Systems) page iii (management consultant in the information systems area)
670 ## - SOURCE DATA FOUND
- Source citation:
Essentials of management information systems, 2012:
- Information found:
cover (Jane P. Laudon) Page iii (Jane Price Laudon; management consultant in the information systems area and author, Ph D. from Columbia University)